Normal view
MARC view
- تأليف سمارة، نواف احمد ؛ عبد السلام موسى العديلي م، مشارك
Entry Personal Name
001 - CONTROL NUMBER
- control field: 31524
003 - CONTROL NUMBER IDENTIFIER
- control field: JO-AjAnu
005 - DATE AND TIME OF LATEST TRANSACTION
- control field: 20230606075316.0
008 - FIXED-LENGTH DATA ELEMENTS
- fixed length control field: 230606|| aca||aabn | a|a d
040 ## - CATALOGING SOURCE
- Original cataloging agency: JO-AjAnu
- Transcribing agency: JO-AjAnu
100 ## - HEADING--PERSONAL NAME
- Personal name: تأليف سمارة، نواف احمد ؛ عبد السلام موسى العديلي م، مشارك
670 ## - SOURCE DATA FOUND
- Source citation: Work cat.: (JO-AjAnu)16186: تأليف سمارة، نواف احمد ؛ عبد السلام موسى العديلي م، مشارك, author, مفاهيم ومصطلحات في العلوم التربوية